[Event "Barcelona Sant Marti op 05th"]
[Site "Barcelona"]
[Date "2003.05.17"]
[Round "4.28"]
[White "Abascal Vicente, Ignacio"]
[Black "Baldo Manosa, Joan"]
[Result "1/2-1/2"]
[WhiteElo "1985"]
[BlackElo "1745"]
[PlyCount "73"]
[EventDate "2003.04.26"]
[EventType "swiss"]
[EventRounds "9"]
[EventCountry "ESP"]
[SourceTitle "EXT 2004"]
[Source "ChessBase"]
[SourceDate "2003.11.25"]
[SourceVersion "1"]
[SourceVersionDate "2003.11.25"]
[SourceQuality "1"]

1. e4 e5 2. Nf3 Nc6 3. Bb5 a6 4. Bxc6 dxc6 5. 0-0 Bg4 6. h3 Bh5 7. g4 Bg6 8. Nxe5 Qh4 9. Qf3 Bd6 10. Nc4 h5 11. Nxd6+ cxd6 12. Qg3 hxg4 13. Qxg4 Qxh3 14. Qxh3 Rxh3 15. d3 Ne7 16. Nc3 Kd7 17. Bf4 Rah8 18. Kg2 R3h4 19. Bg3 R4h7 20. f4 f5 21. e5 d5 22. Na4 Kc7 23. Nc5 Bf7 24. d4 b6 25. Nxa6+ Kb7 26. Nb4 Bh5 27. Kf2 Ng6 28. Nd3 Bg4 29. Rae1 Nh4 30. Rh1 Nf3 31. Rxh7 Rxh7 32. Re3 Nxd4 33. e6 Bh5 34. c3 Nb5 35. Ne5 Nd6 36. Nf7 Ne4+ 37. Kg2 1/2-1/2

[Event "Barcelona Sant Marti op 05th"]
[Site "Barcelona"]
[Date "2003.04.26"]
[Round "1.24"]
[White "Baldo Manosa, Joan"]
[Black "Quintana Ortiz, Joaquin"]
[Result "0-1"]
[WhiteElo "1745"]
[BlackElo "1990"]
[PlyCount "44"]
[EventDate "2003.04.26"]
[EventType "swiss"]
[EventRounds "9"]
[EventCountry "ESP"]
[SourceTitle "EXT 2004"]
[Source "ChessBase"]
[SourceDate "2003.11.25"]
[SourceVersion "1"]
[SourceVersionDate "2003.11.25"]
[SourceQuality "1"]

1. e4 c5 2. c3 Nf6 3. e5 Nd5 4. d4 cxd4 5. cxd4 d6 6. Nf3 Nc6 7. Bc4 Nb6 8. Bxf7+ Kxf7 9. Ng5+ Ke8 10. Qf3 Nxd4 11. Qf7+ Kd7 12. Na3 h6 13. Be3 hxg5 14. Bxd4 Qe8 15. e6+ Kd8 16. Qf5 Rh6 17. 0-0 Bxe6 18. Qa5 Qh5 19. Bxb6+ Ke8 20. h3 Bxh3 21. Nb5 Kf7 22. f4 g4 0-1

[Event "Barcelona Sant Marti op 04th"]
[Site "Barcelona"]
[Date "2002.04.27"]
[Round "4.40"]
[White "Valbuena Castro, Gregorio"]
[Black "Baldo Manosa, Joan"]
[Result "1-0"]
[WhiteElo "1830"]
[BlackElo "1700"]
[PlyCount "59"]
[EventDate "2002.04.06"]
[EventType "swiss"]
[EventRounds "9"]
[EventCountry "ESP"]
[SourceTitle "EXT 2003"]
[Source "ChessBase"]
[SourceDate "2002.11.25"]
[SourceVersion "1"]
[SourceVersionDate "2002.11.25"]
[SourceQuality "1"]

1. e4 e5 2. Nf3 Nc6 3. Bb5 a6 4. Ba4 Nf6 5. 0-0 b5 6. Bb3 Bc5 7. Nxe5 Nxe5 8. d4 Bxd4 9. Qxd4 d6 10. Bg5 Be6 11. Bxe6 fxe6 12. f4 c5 13. Qc3 b4 14. Qh3 Nc6 15. Qxe6+ Qe7 16. Qxe7+ Kxe7 17. Nd2 Nd4 18. e5 dxe5 19. fxe5 Rhf8 20. Ne4 h6 21. exf6+ gxf6 22. Bxf6+ Kd7 23. Nxc5+ Kc6 24. Bxd4 Rfd8 25. Rf6+ Kb5 26. c3 Rxd4 27. cxd4 Rd8 28. Ne6 Rd6 29. Rc1 a5 30. Nc7+ 1-0